Signals, systems, and transforms / (Record no. 189)
[ view plain ]
| 000 -LEADER | |
|---|---|
| fixed length control field | 00872nac a22002411u 4500 |
| 008 - FIXED-LENGTH DATA ELEMENTS--GENERAL INFORMATION | |
| fixed length control field | 090302s2003 nju|||||r|||| 00| 0 eng d |
| 010 ## - LIBRARY OF CONGRESS CONTROL NUMBER | |
| LC control number | 2003267029 |
| 020 ## - INTERNATIONAL STANDARD BOOK NUMBER | |
| International Standard Book Number | 0130412074 |
| 020 ## - INTERNATIONAL STANDARD BOOK NUMBER | |
| International Standard Book Number | 0131115006 |
| 082 04 - DEWEY DECIMAL CLASSIFICATION NUMBER | |
| Classification number | 621.3822 |
| Item number | PHI |
| Edition number | 22 |
| 100 ## - MAIN ENTRY--PERSONAL NAME | |
| Personal name | Phillips, Charles L. |
| 9 (RLIN) | 5412 |
| 245 10 - TITLE STATEMENT | |
| Title | Signals, systems, and transforms / |
| Statement of responsibility, etc | Charles L. Phillips, John M. Parr, Eve A. Riskin. |
| 250 ## - EDITION STATEMENT | |
| Edition statement | 3rd ed. |
| 260 ## - PUBLICATION, DISTRIBUTION, ETC. (IMPRINT) | |
| Place of publication, distribution, etc | Upper Saddle River, N.J. : |
| Name of publisher, distributor, etc | Prentice Hall, |
| Date of publication, distribution, etc | c2003. |
| 300 ## - PHYSICAL DESCRIPTION | |
| Extent | xx, 765 p. : |
| Other physical details | ill. ; |
| Dimensions | 24 cm. |
| 650 #0 - SUBJECT ADDED ENTRY--TOPICAL TERM | |
| Topical term or geographic name as entry element | Signal processing |
| General subdivision | Mathematical models. |
| 9 (RLIN) | 5413 |
| 650 #0 - SUBJECT ADDED ENTRY--TOPICAL TERM | |
| Topical term or geographic name as entry element | Transformations (Mathematics) |
| 9 (RLIN) | 5414 |
| 650 #0 - SUBJECT ADDED ENTRY--TOPICAL TERM | |
| Topical term or geographic name as entry element | System analysis. |
| 9 (RLIN) | 5415 |
| 655 ## - INDEX TERM--GENRE/FORM | |
| -- | 5405 |
| Genre/form data or focus term | Signals and Systems- Year 1 |
| Form subdivision | |
| General subdivision | Engineering |
| Chronological subdivision | Semester 2. 2008/2009 |
| 700 1# - ADDED ENTRY--PERSONAL NAME | |
| Personal name | Parr, John M. |
| 9 (RLIN) | 5416 |
| 700 1# - ADDED ENTRY--PERSONAL NAME | |
| Personal name | Riskin, Eve A. |
| 9 (RLIN) | 5417 |
| 942 ## - ADDED ENTRY ELEMENTS (KOHA) | |
| Item type | Book - Borrowing |
| Call number prefix | 621.3822 PHI |
| Source of classification or shelving scheme | Dewey Decimal Classification |
| Withdrawn status | Item status | Damaged status | Not for loan | Home library | Current library | Shelving location | Date acquired | Source of acquisition | Total Checkouts | Total Renewals | Full call number | Barcode | Date last seen | Date last borrowed | Cost, replacement price | Koha item type |
|---|---|---|---|---|---|---|---|---|---|---|---|---|---|---|---|---|
| Central Library | Central Library | First floor | 09/02/2006 | Purchase | 5 | 3 | 621.3822 PHI | 000004540 | 15/07/2025 | 20/02/2017 | 260.00 | Book - Borrowing |